Spanische Wörter - Statistiken

Allgemein
  • Dieses Quiz wurde 1.029 mal gespielt
  • Das Durchschnittsergebnis liegt bei 13 aus 15
Antwortstatistiken
Spanisch Deutsch % Korrekt
amigo Freund
98%
chica Mädchen
96%
casa Haus
95%
playa Strand
94%
blanco weiß
94%
libro Buch
90%
navidad Weihnachten
90%
cocina Küche
85%
ciudad Stadt
84%
perro Hund
83%
marzo März
81%
escuela Schule
80%
ser sein
77%
coche Auto
70%
esposa Ehefrau
57%
Keine übereinstimmenden Quizze gefunden
Verteilung der Resultate
Anzahl Personen mit jedem Resultat
Perzentil nach korrekt beantworteten Fragen
Ihre Resultats-Entwicklung
Sie haben dieses Quiz noch nicht gespielt